000 00511nam a2200193Ia 4500
005 20250423101031.0
008 250422s9999 xx 000 0 und d
020 _a0-8053-1775-9
050 _aQA 76.73 F25 E85/
100 _aD. M. Etter
245 0 _aStructured Fortran 77 for Engineers and Scientists
250 _a4th ed.
260 _aNew York
260 _bThe Benjamin/ Cummings Publishing
260 _c1993
300 _a616 p
650 _aFortran 77: Computer program Language
942 _cBK
999 _c35081
_d35081